[Event "8th ch-Euro"]
[Site "Dresden GER"]
[Date "2007.04.06"]
[Round "4"]
[White "Siedentopf,D"]
[Black "Rahls,P"]
[Result "1-0"]
[WhiteElo "2178"]
[BlackElo "2336"]
[EventDate "2007.04.03"]

1. d4 Nf6 2. c4 d6 3. Nc3 Nbd7 4. e4 e5 5. d5 g6 6. Bg5 Be7 7. f3 a5 8. Qd2
h6 9. Be3 Nc5 10. O-O-O b6 11. Nge2 Bd7 12. Kb1 a4 13. Ng3 Qb8 14. h4 h5
15. Nge2 Qa7 16. Nc1 Qa5 17. Nd3 O-O 18. Be2 Ra7 19. Qc2 Rb8 20. Bd2 Nxd3
21. Bxd3 Qa6 22. Nb5 Bxb5 23. cxb5 Qc8 24. Rdg1 c6 25. bxc6 b5 26. Bb4 Bf8
27. Qe2 Qc7 28. g4 Qb6 29. Bd2 a3 30. b3 Ra4 31. Bg5 Nxd5 32. exd5 hxg4 33.
Be3 Qa5 34. Qd2 Qd8 35. Be4 gxf3 36. bxa4 bxa4+ 37. Ka1 Rb2 38. Qd3 f2 39.
Rf1 f5 40. Qxa3 1-0

[Event "8th ch-Euro"]
[Site "Dresden GER"]
[Date "2007.04.06"]
[Round "4"]
[White "Sowray,P"]
[Black "Gnirk,T"]
[Result "1-0"]
[WhiteElo "2325"]
[BlackElo "2131"]
[EventDate "2007.04.03"]

1. e4 c5 2. Nf3 e6 3. d3 d5 4. Qe2 Nf6 5. g3 Nc6 6. Bg2 Be7 7. O-O O-O 8.
e5 Nd7 9. c4 f6 10. exf6 Nxf6 11. Nc3 Nd4 12. Qd1 h6 13. Ne2 Qb6 14. Nexd4
cxd4 15. b3 dxc4 16. bxc4 Bb4 17. Rb1 Qc5 18. Nxd4 e5 19. Nf3 Bg4 20. Qb3
e4 21. dxe4 Nxe4 22. Qxb4 Bxf3 23. Qxc5 Nxc5 24. Be3 Bxg2 25. Kxg2 b6 26.
Bxc5 bxc5 27. Rb7 Rf7 28. Rfb1 Raf8 29. Rxf7 Rxf7 30. Rb8+ Kh7 31. Rc8 Rb7
32. Rxc5 Rb4 33. Ra5 Rxc4 34. Rxa7 Rc2 35. Ra6 Rd2 36. g4 h5 37. h3 hxg4
38. hxg4 g5 39. Kf3 Rd4 40. Re6 Rd3+ 41. Re3 Rd2 42. a4 Ra2 43. Re4 Ra3+
44. Kg2 Kg6 45. f4 gxf4 46. Rxf4 Kg5 47. Re4 Kf6 48. Kf2 Rd3 49. Ke2 Rd5
50. Ke3 Rd1 51. Rd4 Ra1 52. Kd3 Ra3+ 53. Ke4 Ke6 54. Rb4 Ra1 55. g5 Re1+
56. Kf4 Rg1 57. a5 Ra1 58. Rb6+ Kf7 59. a6 Ra5 60. g6+ Kg7 61. Ke4 Ra1 62.
Kd5 Rc1 63. Rc6 Rd1+ 64. Kc5 Rb1 65. a7 1-0

[Event "8th ch-Euro"]
[Site "Dresden GER"]
[Date "2007.04.06"]
[Round "4"]
[White "Godoj,V"]
[Black "Beckhuis,G"]
[Result "0-1"]
[WhiteElo "2113"]
[BlackElo "2313"]
[EventDate "2007.04.03"]

1. d4 e6 2. Nf3 c5 3. e3 Nf6 4. Bd3 b6 5. Qe2 Be7 6. O-O O-O 7. c3 Nc6 8.
dxc5 bxc5 9. e4 d6 10. Re1 Qc7 11. Nbd2 Re8 12. Nf1 h6 13. h3 Rb8 14. g4
Nh7 15. Ng3 Ne5 16. Nxe5 dxe5 17. Kg2 Bg5 18. Rh1 Nf8 19. h4 Bxc1 20. Raxc1
Ng6 21. Nh5 Qd8 22. Kg3 f5 23. f3 f4+ 24. Kg2 Nxh4+ 25. Kf2 g6 26. g5 gxh5
27. Rcg1 Kf7 28. Bb5 Rh8 29. Rd1 Qb6 0-1

[Event "8th ch-Euro"]
[Site "Dresden GER"]
[Date "2007.04.06"]
[Round "4"]
[White "Lorscheid,G"]
[Black "Grigoryan Lyell,M"]
[Result "1-0"]
[WhiteElo "2285"]
[BlackElo "2061"]
[EventDate "2007.04.03"]

1. d4 d5 2. Nf3 Nc6 3. e3 Bg4 4. Bb5 Qd7 5. c3 Bxf3 6. Qxf3 Nf6 7. Nd2 a6
8. Ba4 b5 9. Bb3 e5 10. e4 exd4 11. O-O O-O-O 12. exd5 Nxd5 13. c4 Nb6 14.
cxb5 Ne5 15. Qg3 Qxb5 16. a4 Qa5 17. Ne4 Bb4 18. Bf4 Rhe8 19. Qxg7 Nf3+ 20.
Kh1 Rxe4 21. Qg4+ f5 22. Qxf3 d3 23. Rad1 d2 24. Be3 Nc4 25. Bc2 Re5 26.
Bg5 Rdd5 27. Bf4 Nxb2 28. Bxe5 Nxd1 29. Bf6 Nc3 30. Bb3 d1=Q 31. Bxd1 Nxd1
32. Rxd1 Rxd1+ 33. Qxd1 Bd6 34. g3 Qb6 35. Qe2 Qb1+ 36. Kg2 Qe4+ 37. Qxe4
fxe4 38. f3 exf3+ 39. Kxf3 Kd7 40. Ke4 Ke6 41. Bd4 Be7 42. g4 Bg5 43. Bf2
Bf6 44. h4 Be7 45. g5 Kf7 46. Kf5 c5 47. h5 c4 48. Bd4 Bb4 49. Ke4 Bd2 50.
Be3 c3 51. Kd3 Be1 52. Bf4 Kf8 53. Be5 Bd2 54. g6 hxg6 55. hxg6 Bh6 56.
Bxc3 Ke7 57. Kc4 Kd6 58. Bd4 Kc6 59. Be5 Bf8 60. Kd4 Bh6 61. Ke4 Kd7 62.
Kf5 Ke7 63. Bf6+ Kd6 64. Bc3 Kd5 65. Kf6 Kc4 66. Be1 Kb3 67. a5 Kc4 68. Kf7
Kd4 69. Bb4 Ke5 70. Bf8 1-0

[Event "8th ch-Euro"]
[Site "Dresden GER"]
[Date "2007.04.06"]
[Round "4"]
[White "Johansen,P"]
[Black "Peterson,Er"]
[Result "0-1"]
[WhiteElo "2108"]
[BlackElo "2302"]
[EventDate "2007.04.03"]

1. d4 d5 2. Nf3 e6 3. e3 c5 4. c3 Nf6 5. Nbd2 Nc6 6. Bd3 Bd6 7. O-O O-O 8.
e4 cxd4 9. Nxd4 Nxd4 10. cxd4 dxe4 11. Nxe4 Nxe4 12. Bxe4 Bxh2+ 13. Kxh2
Qh4+ 14. Kg1 Qxe4 15. Re1 Qd5 16. Re5 Qd6 17. Be3 Bd7 18. Qf3 Bc6 19. Qg4
f5 20. Qf4 Rf6 21. Rc5 Qxf4 22. Bxf4 Rg6 23. g3 Rd8 24. Rd1 Kf7 25. Kf1 h5
26. Ke2 h4 27. gxh4 Rg4 28. Be5 Rxh4 29. Rg1 g6 30. f4 Rh7 31. Ke3 Rd5 32.
Rb1 Rd7 33. Rbc1 Ke8 34. R1c2 Rh3+ 35. Kd2 Rdh7 36. b3 Rh2+ 37. Kc1 Kd7 38.
Rxh2 Rxh2 39. Rc2 Rh5 40. Rc3 g5 41. fxg5 Rxg5 42. Rh3 Bd5 43. Rg3 Rh5 44.
Rg7+ Kc6 45. Rc7+ Kb6 46. Kb2 Rh4 47. Rf7 Re4 48. Bc7+ Kc6 49. Be5 Re2+ 50.
Ka3 a5 51. Rc7+ Kb6 52. Rc8 Ka7 53. Ka4 Rxa2+ 54. Kb5 Bc6+ 55. Kc5 Bd5 56.
Kb5 Bxb3 57. Kc5 Rb2 58. Bb8+ Ka6 59. Bc7 Rc2+ 60. Kd6 Bd5 61. Ra8+ Kb5 62.
Rxa5+ Kb4 63. Rc5 Rxc5 64. dxc5 f4 65. Ke5 f3 66. c6 Bxc6 67. Bb6 Bd5 68.
Kf4 Kb3 69. Ke3 Kc4 70. Kd2 Kb5 71. Bd4 Ka5 72. Kc3 b5 73. Bc5 Ka4 74. Kb2
b4 75. Bf2 Kb5 76. Kc2 Kc4 77. Be3 Be4+ 78. Kd2 b3 0-1

[Event "8th ch-Euro"]
[Site "Dresden GER"]
[Date "2007.04.06"]
[Round "4"]
[White "Muehle,H"]
[Black "Giemsa,S"]
[Result "0-1"]
[WhiteElo "1944"]
[BlackElo "2286"]
[EventDate "2007.04.03"]

1. d4 Nf6 2. f3 d5 3. e4 dxe4 4. Nc3 exf3 5. Nxf3 Bg4 6. h3 Bxf3 7. Qxf3 c6
8. Bd2 e6 9. O-O-O Nbd7 10. g4 Bb4 11. a3 Bxc3 12. Bxc3 Nd5 13. Bd2 Qf6 14.
Qe4 O-O-O 15. Be2 Qg6 16. Qf3 e5 17. Bd3 Qf6 18. Bf5 exd4 19. g5 Qd6 20.
Kb1 g6 21. Bg4 f5 22. gxf6 h5 23. Bxd7+ Rxd7 24. Bg5 c5 25. Rhf1 Rf8 26. c4
dxc3 27. bxc3 Qe5 28. Rxd5 Qxd5 29. Qxd5 Rxd5 30. h4 Rf5 0-1

[Event "8th ch-Euro"]
[Site "Dresden GER"]
[Date "2007.04.06"]
[Round "4"]
[White "Nagel,B"]
[Black "Salewski,B"]
[Result "1/2-1/2"]
[WhiteElo "2273"]
[BlackElo "2043"]
[EventDate "2007.04.03"]

1. d4 e6 2. c4 f5 3. g3 Nf6 4. Bg2 d5 5. Qc2 c6 6. Nh3 Be7 7. O-O O-O 8.
Nd2 Qe8 9. Nf3 Ng4 10. Nf4 g5 11. Nd3 Qh5 12. h3 Nh6 13. Nfe5 Nd7 14. f3
Nxe5 15. Nxe5 f4 16. g4 Qe8 17. e3 c5 18. Re1 Bd6 19. exf4 gxf4 20. Bd2
cxd4 21. cxd5 exd5 22. Nd3 Qc6 23. Qb3 Qc4 24. Bf1 Qxb3 25. axb3 Nf7 26.
Ra5 b6 27. Rxd5 Bb7 28. Rxd4 Ng5 29. Rxd6 Nxf3+ 30. Kf2 Nxd2 31. Nc5 Nxf1
32. Nxb7 Ne3 33. Rd7 Rac8 34. Re2 Rc1 35. Re1 Rc2+ 36. Re2 Rc1 37. Re1 Rc2+
38. Re2 1/2-1/2

[Event "8th ch-Euro"]
[Site "Dresden GER"]
[Date "2007.04.06"]
[Round "4"]
[White "Wilke,W"]
[Black "Calder,D"]
[Result "1-0"]
[WhiteElo "2245"]
[BlackElo "2009"]
[EventDate "2007.04.03"]

1. e4 Nf6 2. e5 Nd5 3. d4 d6 4. c4 Nb6 5. f4 g6 6. Nc3 dxe5 7. fxe5 Bg7 8.
c5 Nd5 9. Bc4 e6 10. Nf3 O-O 11. Qb3 Nxc3 12. bxc3 Nc6 13. Bg5 Qe8 14. Bd3
f6 15. exf6 Bxf6 16. O-O Na5 17. Qa3 b6 18. Bxf6 Rxf6 19. Ne5 Rxf1+ 20.
Rxf1 Qd8 21. cxb6 axb6 22. Nf7 Qe8 23. Qc1 Qxf7 24. Rxf7 Kxf7 25. Qh6 Kg8
26. h4 Bb7 27. h5 1-0

[Event "8th ch-Euro"]
[Site "Dresden GER"]
[Date "2007.04.06"]
[Round "4"]
[White "Schnoor,E"]
[Black "Makoli,P"]
[Result "0-1"]
[WhiteElo "1905"]
[BlackElo "2245"]
[EventDate "2007.04.03"]

1. e4 c5 2. Nf3 e6 3. d4 cxd4 4. Nxd4 Nf6 5. Nc3 d6 6. g4 h6 7. Rg1 Nc6 8.
h4 Nd7 9. g5 Nxd4 10. Qxd4 Ne5 11. Be2 hxg5 12. hxg5 Nc6 13. Qd3 Ne5 14.
Qg3 Qb6 15. b3 Bd7 16. Bb2 O-O-O 17. O-O-O Bc6 18. f4 Nd7 19. f5 exf5 20.
exf5 Qa5 21. Bc4 Ne5 22. Bd5 f6 23. g6 Be7 24. Kb1 Rh5 25. Be6+ Kb8 26. Nd5
Bxd5 27. Rxd5 Qb6 28. Rgd1 Rdh8 29. Bd4 Qc7 30. Bg1 Nc6 31. Qf2 b6 32. R5d2
Nd8 33. Bd5 Qc8 34. Rf1 Nc6 35. Bg2 Ne5 36. Rd5 Qc3 37. a4 Rh4 38. a5 Rb4
39. axb6 Nc4 40. bxa7+ Kc7 41. Qd4 Na3+ 42. Ka2 Rxd4 43. Bxd4 Qxc2+ 44.
Kxa3 Qxg2 45. Rc1+ Kd7 46. Bb6 Ra8 47. Rc7+ Ke8 48. Rd1 Qe2 49. Rh1 d5+ 50.
Rc5 Qa6+ 51. Kb2 Qxb6 52. Rxd5 Qxa7 53. Rh8+ Bf8 0-1

[Event "8th ch-Euro"]
[Site "Dresden GER"]
[Date "2007.04.06"]
[Round "4"]
[White "Bruned,V"]
[Black "Bakker,S"]
[Result "0-1"]
[WhiteElo "1945"]
[BlackElo "2232"]
[EventDate "2007.04.03"]

1. e4 c6 2. d4 d5 3. Nc3 dxe4 4. Nxe4 Bf5 5. Ng3 Bg6 6. h4 h6 7. Nf3 Nd7 8.
h5 Bh7 9. Bd3 Bxd3 10. Qxd3 e6 11. Bd2 Ngf6 12. O-O-O Be7 13. Ne4 Nxe4 14.
Qxe4 Nf6 15. Qe2 Qd5 16. c4 Qe4 17. Qxe4 Nxe4 18. Be3 Bf6 19. Ne5 Nd6 20.
b3 Nf5 21. Ng4 Rd8 22. Nxf6+ gxf6 23. g4 Nxe3 24. fxe3 Rg8 25. Rdf1 Ke7 26.
Rhg1 Rg5 27. Rf4 f5 28. d5 cxd5 29. cxd5 Rxd5 30. Rc4 fxg4 31. Rgxg4 Rxg4
32. Rxg4 Rxh5 33. Rb4 b6 34. Rc4 Rc5 0-1

[Event "8th ch-Euro"]
[Site "Dresden GER"]
[Date "2007.04.06"]
[Round "4"]
[White "Pick,Stef"]
[Black "Lochte,T"]
[Result "0-1"]
[WhiteElo "2067"]
[BlackElo "2221"]
[EventDate "2007.04.03"]

1. c4 e5 2. Nc3 Nf6 3. Nf3 Nc6 4. d4 exd4 5. Nxd4 Bb4 6. Nxc6 bxc6 7. Bd2
O-O 8. g3 d5 9. Bg2 Bg4 10. O-O d4 11. Ne4 Be7 12. Bf4 Rb8 13. Qc2 Qd7 14.
Rad1 Nxe4 15. Bxe4 f5 16. Bg2 Bf6 17. Rfe1 Rfe8 18. Qa4 Rxe2 19. Bxc6 Qe7
20. Rxe2 Qxe2 21. Bd5+ Kh8 22. Rd2 Qe1+ 23. Kg2 g5 24. Qxa7 Bh3+ 0-1

[Event "8th ch-Euro"]
[Site "Dresden GER"]
[Date "2007.04.06"]
[Round "4"]
[White "Kayser,Fe"]
[Black "Hutchinson,N"]
[Result "1-0"]
[WhiteElo "2194"]
[BlackElo "2110"]
[EventDate "2007.04.03"]

1. e4 c6 2. d4 d5 3. exd5 cxd5 4. Bd3 Nc6 5. c3 Qc7 6. Ne2 Bg4 7. f3 Bh5 8.
Nf4 Nf6 9. g4 Bg6 10. Bxg6 hxg6 11. g5 Nh5 12. Nxd5 Qd6 13. Ne3 Ng3 14. Rg1
Rxh2 15. Qd3 Ne2 16. Qxe2 Rxe2+ 17. Kxe2 Qh2+ 18. Rg2 Qh1 19. Nd2 Qh3 20.
Ne4 e5 21. d5 Ne7 22. Rg4 Nf5 23. Bd2 O-O-O 24. Rag1 Qh7 25. Nf2 Qg8 26.
Rh1 Be7 27. Ne4 Qe8 28. c4 Qa4 29. Nc3 Qa6 30. Kd3 Bc5 31. Rh2 Nd4 32. Rh3
b5 33. b3 bxc4+ 34. bxc4 Qa3 35. Rg1 Bb4 36. Ned1 Kc7 37. Re1 Bxc3 38. Nxc3
Qb2 39. Rxe5 Qc2+ 40. Ke3 Nc6 41. Re4 Nb4 42. Nb5+ Kb6 43. Bxb4 Qg2 44.
Rhh4 Qxg5+ 45. Kf2 f5 46. Re6+ Kb7 47. Be7 Qd2+ 48. Re2 Qa5 49. Bxd8 Qxd8
50. Rh7 Qf8 51. d6 a6 52. Rxg7+ Kb6 53. Rxg6 axb5 54. d7+ Kc7 55. Rd2 Qd8
56. Rg8 Qh4+ 57. Kg2 1-0

[Event "8th ch-Euro"]
[Site "Dresden GER"]
[Date "2007.04.06"]
[Round "4"]
[White "Leiber,B"]
[Black "Mayer,Frank2"]
[Result "0-1"]
[WhiteElo "2172"]
[BlackElo "2083"]
[EventDate "2007.04.03"]

1. d4 d5 2. Nf3 Nf6 3. c4 dxc4 4. e3 e6 5. Bxc4 c5 6. O-O a6 7. Nc3 b5 8.
Bd3 Bb7 9. Qe2 Nbd7 10. Rd1 Qc7 11. Bb1 Bd6 12. a3 O-O 13. h3 Rac8 14. e4
cxd4 15. Nxd4 Be5 16. Ba2 Nc5 17. f3 Nh5 18. g4 Nf4 19. Bxf4 Bxf4 20. Qf2
Qe7 21. Nde2 Bb8 22. Kg2 Rfd8 23. Rxd8+ Rxd8 24. Rd1 Nd3 25. Qb6 Rd6 26.
Qa5 Bc7 0-1

[Event "8th ch-Euro"]
[Site "Dresden GER"]
[Date "2007.04.06"]
[Round "4"]
[White "Minescu,D"]
[Black "Chapman,Al"]
[Result "1-0"]
[WhiteElo "2164"]
[BlackElo "2069"]
[EventDate "2007.04.03"]

1. c4 e5 2. Nc3 d6 3. Nf3 f5 4. d4 e4 5. Ng1 c6 6. g3 Nf6 7. h4 Be7 8. Nh3
Na6 9. Bg5 Be6 10. e3 Qb6 11. Qd2 Bf7 12. Nf4 O-O 13. Be2 Rae8 14. Na4 Qd8
15. b4 Nc7 16. Nc3 Nd7 17. Bxe7 Qxe7 18. a4 c5 19. Nb5 Nxb5 20. axb5 cxd4
21. Qxd4 b6 22. Rxa7 Kh8 23. O-O Rc8 24. Rd1 Qe8 25. Qxd6 Bxc4 26. Qxd7 Qe5
27. Bxc4 Rxc4 28. Ne6 f4 29. exf4 Qb2 30. Nxf8 e3 31. Qxg7+ Qxg7 32. Rxg7
Kxg7 33. Ne6+ Kf6 34. Nd4 exf2+ 35. Kxf2 Rxb4 36. g4 h6 37. g5+ hxg5 38.
hxg5+ Kg6 39. Kf3 Rb2 40. Rc1 Rb4 41. Rc6+ Kf7 42. g6+ Kg8 43. Nf5 1-0

[Event "8th ch-Euro"]
[Site "Dresden GER"]
[Date "2007.04.06"]
[Round "4"]
[White "Zelbel,P"]
[Black "Marville,G"]
[Result "1-0"]
[WhiteElo "2123"]
[BlackElo "2020"]
[EventDate "2007.04.03"]

1. e4 c5 2. c3 d5 3. exd5 Qxd5 4. d4 Nf6 5. Nf3 e6 6. Be3 cxd4 7. cxd4 Bb4+
8. Nc3 Qa5 9. Qc2 O-O 10. Bd3 Bd7 11. O-O Rc8 12. Bd2 h6 13. a3 Bxc3 14.
bxc3 Nc6 15. Rfe1 Qc7 16. Qc1 Na5 17. Bxh6 Qxc3 18. Qg5 Ne8 19. Ne5 f6 20.
Bh7+ Kxh7 21. Qg6+ Kg8 22. Qf7+ Kh7 23. Nxd7 Kxh6 24. Nf8 Qc2 25. g4 Kg5
26. Qh5+ Kf4 27. Nxe6+ 1-0

[Event "8th ch-Euro"]
[Site "Dresden GER"]
[Date "2007.04.06"]
[Round "4"]
[White "Glantz,R"]
[Black "Kostopoulos,E"]
[Result "1/2-1/2"]
[WhiteElo "1991"]
[BlackElo "2103"]
[EventDate "2007.04.03"]

1. e4 c5 2. Nf3 d6 3. d4 cxd4 4. Nxd4 Nf6 5. Nc3 a6 6. Bg5 e6 7. f4 Be7 8.
Qf3 Qc7 9. O-O-O Nbd7 10. g4 h6 11. Bxf6 Bxf6 12. h4 Qb6 13. Nde2 Nc5 14.
g5 Be7 15. g6 O-O 16. gxf7+ Rxf7 17. Bh3 Bd7 18. Bg4 Raf8 19. Bh5 Rf6 20.
Rhg1 Be8 21. Qg3 R6f7 22. Bxf7+ Rxf7 23. Nd4 Bf6 24. e5 dxe5 25. fxe5 Be7
26. Qg6 Bxh4 27. Qxh6 Bf2 28. Rg4 Bxd4 29. Rdxd4 Nb3+ 30. axb3 Qxd4 31.
Qxg7+ Rxg7 32. Rxd4 Rg5 33. Re4 Kg7 34. Kd2 Kg6 35. Ne2 Kf5 36. Kd3 Bb5+
37. c4 Bc6 38. Nd4+ Kg6 39. Re3 Bd7 40. Kc3 Rg2 41. Rf3 Rg5 42. Rf6+ Kh5
43. Rf7 Bc6 44. Nxc6 bxc6 45. Kd4 c5+ 46. Ke4 Rg4+ 47. Kf3 Rg5 48. Ra7 Rxe5
49. Kf4 Rf5+ 50. Ke4 Kg5 51. Rxa6 Kf6 52. Ra5 Rh5 53. Rb5 Rh4+ 54. Kf3 Rh3+
55. Kg4 Rd3 56. b4 Rd4+ 57. Kf3 Rxc4 58. bxc5 Ke5 59. Ke3 Kd5 60. b4 e5 61.
Rb6 Rc3+ 62. Kd2 Kd4 63. Rd6+ Kc4 64. Rb6 Kd4 65. Rd6+ Kc4 66. Rb6 1/2-1/2

[Event "8th ch-Euro"]
[Site "Dresden GER"]
[Date "2007.04.06"]
[Round "4"]
[White "Ringoir,G"]
[Black "Magar,J"]
[Result "0-1"]
[WhiteElo "1949"]
[BlackElo "2093"]
[EventDate "2007.04.03"]

1. e4 e5 2. Nf3 Nf6 3. Nxe5 d6 4. Nf3 Nxe4 5. Nc3 Nxc3 6. dxc3 Be7 7. Bd3
Nc6 8. Qe2 Be6 9. Nd4 Nxd4 10. cxd4 Qd7 11. O-O O-O-O 12. Bb5 c6 13. Ba4 d5
14. c3 Bd6 15. b4 Qc7 16. h3 Kb8 17. Be3 h6 18. Bb3 g5 19. a4 g4 20. h4 g3
21. fxg3 Bxg3 22. Qf3 Rdg8 23. b5 Bh2+ 24. Kh1 Rg4 25. Bf2 Rhg8 26. bxc6
bxc6 27. Rab1 Kc8 28. Bc2 Bg3 29. Bxg3 Rxg3 30. Qf4 Rxg2 31. Bd3 Qxf4 32.
Ba6+ Kd7 33. Rxf4 R2g3 34. Rf2 Bf5 35. Rb7+ Kd6 36. Rxf7 Rh3+ 37. Rh2 Be4+
38. Rf3 Bxf3+ 0-1

[Event "8th ch-Euro"]
[Site "Dresden GER"]
[Date "2007.04.07"]
[Round "5"]
[White "Volokitin,And"]
[Black "Berelovich,A"]
[Result "1-0"]
[WhiteElo "2645"]
[BlackElo "2549"]
[EventDate "2007.04.03"]

1. e4 c5 2. Nf3 Nc6 3. d4 cxd4 4. Nxd4 g6 5. c4 Nf6 6. Nc3 Nxd4 7. Qxd4 d6
8. c5 Bg7 9. Bb5+ Bd7 10. Bxd7+ Qxd7 11. cxd6 O-O 12. Bg5 Qg4 13. dxe7 Nxe4
14. exf8=Q+ Rxf8 15. Qe3 Qxg2 16. O-O-O Nxc3 17. bxc3 Qc6 18. Kb2 h6 19.
Be7 Re8 20. Qc5 Rxe7 21. Qxc6 bxc6 22. Rhe1 Rb7+ 23. Kc2 Rb5 24. Re8+ Kh7
25. Re7 Rf5 26. Rxa7 g5 27. a4 Rxf2+ 28. Rd2 Rf5 29. a5 Rc5 30. Rd3 Be5 31.
a6 Ra5 32. Rd2 Ra3 33. Kb1 Kg6 34. Ra8 Bxc3 35. Rd7 Be5 36. a7 f5 37. h3
Kh5 38. Re8 Bf4 39. a8=Q Rxa8 40. Rxa8 Kh4 41. Rh7 g4 42. hxg4 fxg4 43. Kc2
c5 44. Ra4 Bg5 45. Kd3 c4+ 46. Rxc4 Kh3 47. Ke2 Kg3 48. Kf1 Kh3 49. Rc6 1-0

[Event "8th ch-Euro"]
[Site "Dresden GER"]
[Date "2007.04.07"]
[Round "5"]
[White "Gustafsson,J"]
[Black "Volkov,Sergey"]
[Result "1/2-1/2"]
[WhiteElo "2584"]
[BlackElo "2636"]
[EventDate "2007.04.03"]

1. d4 d5 2. c4 c6 3. Nf3 Nf6 4. Nc3 a6 5. a4 Nbd7 6. Bf4 e6 7. e3 Bb4 8.
Bd3 dxc4 9. Bxc4 Nd5 10. O-O Nxf4 11. exf4 O-O 12. Qc2 Nf6 13. Rad1 Nd5 14.
g3 Bd7 15. Ne4 Be8 16. Nfg5 g6 17. Bb3 b6 18. Qe2 Qe7 19. Rc1 a5 20. Rfd1
Rd8 21. Nf3 f6 22. Ne1 Qd7 23. Nc2 Be7 24. Ne3 Bf7 25. Nc4 Kg7 26. Ncd2 Qb7
27. Nf3 Rd7 28. h4 Rfd8 29. Bc4 Nc7 30. Rd3 Nd5 31. Rdd1 Nc7 1/2-1/2

[Event "8th ch-Euro"]
[Site "Dresden GER"]
[Date "2007.04.07"]
[Round "5"]
[White "Jianu,V"]
[Black "Efimenko,Z"]
[Result "1/2-1/2"]
[WhiteElo "2498"]
[BlackElo "2616"]
[EventDate "2007.04.03"]

1. d4 Nf6 2. c4 e6 3. Nf3 b6 4. Nc3 Bb4 5. Bg5 Bb7 6. Nd2 h6 7. Bh4 O-O 8.
e4 Be7 9. Bg3 d6 10. Be2 Nc6 11. Nb3 d5 12. cxd5 exd5 13. e5 Ne4 14. Nxe4
dxe4 15. O-O Nb4 16. Re1 a5 17. a3 Nd3 18. Bxd3 exd3 19. Qxd3 c5 20. Rad1
Qd5 21. Qf3 Qxf3 22. gxf3 Bxf3 23. Rd3 Bh5 24. dxc5 bxc5 25. Rd7 Rfe8 26.
Rc7 Rab8 27. Re3 Bf8 28. Nxc5 Rxb2 29. e6 fxe6 30. Nxe6 Bg4 31. Nxf8 Bh3
32. Rc1 Rxe3 33. fxe3 Kxf8 34. Bc7 a4 35. e4 g5 36. Rc3 g4 37. Bg3 Ke7 38.
Rc7+ Kd8 39. Rc3 h5 40. Bh4+ Kd7 41. Bg3 Rg2+ 42. Kh1 Re2 43. Kg1 Rg2+ 44.
Kh1 Ra2 45. Kg1 Rb2 46. Rc7+ 1/2-1/2

[Event "8th ch-Euro"]
[Site "Dresden GER"]
[Date "2007.04.07"]
[Round "5"]
[White "Minasian,Art"]
[Black "Nisipeanu,LD"]
[Result "1/2-1/2"]
[WhiteElo "2595"]
[BlackElo "2689"]
[EventDate "2007.04.03"]

1. g3 d5 2. Bg2 g6 3. Nf3 Bg7 4. O-O e5 5. c4 d4 6. d3 Ne7 7. b4 O-O 8. a4
Re8 9. a5 a6 10. Nbd2 h6 11. Nb3 Bd7 1/2-1/2

[Event "8th ch-Euro"]
[Site "Dresden GER"]
[Date "2007.04.07"]
[Round "5"]
[White "Georgiev,Ki"]
[Black "Ftacnik,L"]
[Result "1/2-1/2"]
[WhiteElo "2661"]
[BlackElo "2582"]
[EventDate "2007.04.03"]

1. d4 Nf6 2. Nf3 g6 3. Bg5 Bg7 4. Nbd2 d5 5. e3 O-O 6. b4 a5 7. b5 c5 8.
bxc6 bxc6 9. Bd3 c5 10. c3 cxd4 11. cxd4 Ba6 12. Bxa6 Rxa6 13. O-O Nc6 14.
Rc1 Ne4 15. Bh4 Nxd2 16. Qxd2 Qa8 17. Rc5 e6 18. Rfc1 Rc8 19. a3 Bf8 20.
R5c3 Na7 21. Ne5 Rxc3 22. Qxc3 Nb5 23. Qc8 Nd6 24. Qd7 Ra7 25. Qa4 Nc4 26.
Nxc4 Rc7 27. f3 Rxc4 28. Rxc4 dxc4 29. Be1 Qb7 30. Qxa5 Qb3 31. Bc3 Qxa3
32. Qxa3 1/2-1/2

[Event "8th ch-Euro"]
[Site "Dresden GER"]
[Date "2007.04.07"]
[Round "5"]
[White "Timofeev,Arty"]
[Black "Halkias,S"]
[Result "1-0"]
[WhiteElo "2663"]
[BlackElo "2583"]
[EventDate "2007.04.03"]

1. e4 e5 2. Nf3 Nc6 3. Bb5 a6 4. Ba4 Nf6 5. O-O b5 6. Bb3 Bc5 7. c3 d6 8.
a4 Rb8 9. d4 Bb6 10. a5 Ba7 11. h3 O-O 12. Be3 exd4 13. cxd4 Nxe4 14. Qc2
Qe8 15. Nc3 Nf6 16. Rfe1 Qd7 17. Ne4 Nxe4 18. Qxe4 Ne7 19. Ng5 Ng6 20. Bd5
c5 21. Bf4 cxd4 22. Nxf7 Rxf7 23. Qe8+ Nf8 24. Bxd6 Qxe8 25. Rxe8 Be6 26.
Rxe6 Nxe6 27. Bxb8 Bxb8 28. Bxe6 Kf8 29. Bxf7 Kxf7 30. Rc1 Ke6 31. Rc6+ Kd5
32. Rxa6 d3 33. Kf1 Be5 34. Rb6 Kc5 35. Rb7 Kc6 36. a6 Bd4 37. b3 Bc3 38.
Rb8 Bd4 39. Rd8 Bb6 40. Rxd3 b4 41. f4 g6 1-0

[Event "8th ch-Euro"]
[Site "Dresden GER"]
[Date "2007.04.07"]
[Round "5"]
[White "Movsesian,S"]
[Black "Stocek,J"]
[Result "1/2-1/2"]
[WhiteElo "2637"]
[BlackElo "2566"]
[EventDate "2007.04.03"]

1. e4 c5 2. d3 d5 3. Nd2 Nc6 4. g3 g6 5. Bg2 Bg7 6. exd5 Nb4 7. Ne2 Nf6 8.
O-O Nbxd5 9. Nb3 Qc7 10. c4 Nb6 11. Nc3 Nbd7 12. Be3 O-O 13. Nb5 Qd8 14.
Nxc5 a6 15. Nc3 Nxc5 16. Bxc5 Nd7 17. Ba3 Ne5 18. Nd5 Re8 19. Re1 e6 20.
Nf4 Rb8 21. Bb4 Nc6 22. Bc3 Nd4 23. a4 Bd7 24. Ne2 Bc6 25. Nxd4 Bxd4 26. a5
Qd7 27. Qe2 Red8 28. Red1 Qe7 29. Rab1 Rd7 30. Be1 Bxg2 31. Kxg2 Rbd8 32.
b4 h5 33. h4 Bf6 34. Qf3 Bg7 35. b5 e5 36. bxa6 bxa6 37. Bb4 Qe6 38. Kh2 e4
39. dxe4 Rxd1 40. Rxd1 Rxd1 41. Qxd1 Qxc4 42. Qe1 Bd4 43. Kg2 Qc2 44. Bd2
Qd3 45. Bb4 Qc2 46. Bd2 Qd3 47. e5 Bxe5 48. Qxe5 Qxd2 49. Qb8+ Kg7 50. Qe5+
Kg8 51. Qb8+ Kg7 52. Qe5+ 1/2-1/2

[Event "8th ch-Euro"]
[Site "Dresden GER"]
[Date "2007.04.07"]
[Round "5"]
[White "Kotanjian,T"]
[Black "Sutovsky,E"]
[Result "0-1"]
[WhiteElo "2524"]
[BlackElo "2629"]
[EventDate "2007.04.03"]

1. d4 Nf6 2. c4 e6 3. Nc3 Bb4 4. Qc2 d5 5. cxd5 exd5 6. Bg5 h6 7. Bh4 g5 8.
Bg3 Ne4 9. e3 h5 10. Bd3 h4 11. Be5 f6 12. Bxe4 dxe4 13. d5 Na6 14. a3
Bxc3+ 15. Bxc3 Qxd5 16. Bxf6 O-O 17. Rd1 Qf5 18. Be7 Re8 19. Bb4 c5 20. Bc3
Be6 21. Nh3 Nc7 22. O-O Nd5 23. f4 Nxe3 24. Qe2 Nxd1 25. Qxd1 g4 26. Ng5 e3
27. Qe1 g3 28. Qe2 Qg4 29. Qd3 Qf5 30. Qe2 Qg4 31. Rf3 Rad8 32. hxg3 hxg3
33. Ne4 Kf8 34. Nf6 Qh4 35. Rxg3 Qxg3 36. Qh5 Qf2+ 37. Kh1 Qf1+ 38. Kh2
Qxf4+ 39. Kh1 Qf1+ 40. Kh2 Qf4+ 41. Kh1 0-1

[Event "8th ch-Euro"]
[Site "Dresden GER"]
[Date "2007.04.07"]
[Round "5"]
[White "Khenkin,I"]
[Black "Zelcic,R"]
[Result "1/2-1/2"]
[WhiteElo "2611"]
[BlackElo "2557"]
[EventDate "2007.04.03"]

1. d4 Nf6 2. c4 e6 3. Nf3 d5 4. Nc3 Bb4 5. cxd5 exd5 6. Bg5 h6 7. Bh4 g5 8.
Bg3 Ne4 9. Nd2 Nxc3 10. bxc3 Bxc3 11. Rc1 Bb2 12. Bxc7 Qe7 13. Bd6 Qd8 14.
Bc7 Qe7 15. Bd6 Qd8 16. Rb1 Qxd6 17. Rxb2 Nc6 18. e3 Bf5 19. Be2 1/2-1/2

[Event "8th ch-Euro"]
[Site "Dresden GER"]
[Date "2007.04.07"]
[Round "5"]
[White "Hracek,Z"]
[Black "Baramidze,D"]
[Result "0-1"]
[WhiteElo "2619"]
[BlackElo "2561"]
[EventDate "2007.04.03"]

1. e4 c5 2. Nf3 d6 3. d4 cxd4 4. Nxd4 Nf6 5. Nc3 Nc6 6. Bg5 e6 7. Qd2 Be7
8. O-O-O Nxd4 9. Qxd4 O-O 10. f4 Qa5 11. Bc4 Bd7 12. e5 dxe5 13. fxe5 Bc6
14. Bd2 Nd7 15. Nd5 Qc5 16. Nxe7+ Qxe7 17. Rhe1 Nb6 18. Bf1 Rfd8 19. Qg4
Rac8 20. Bb4 Qe8 21. Rxd8 Rxd8 22. b3 Nd5 23. Bd6 Ne7 24. Rd1 Nf5 25. Bc5
Rc8 26. Bxa7 Qe7 27. Bd4 Qa3+ 28. Bb2 Qxa2 29. Qf4 Qa7 30. Qd2 Bd5 31. Bd3
Ne3 32. Re1 Nxc2 33. Bxc2 Bxb3 34. Rd1 g6 35. Qd8+ Rxd8 36. Rxd8+ Kg7 37.
Bxb3 Qg1+ 38. Kc2 Qxg2+ 39. Rd2 Qe4+ 40. Kc1 h5 41. Bc3 b5 42. Bc2 Qf4 43.
Bd4 g5 44. Bd1 g4 45. Kc2 b4 46. Kd3 Qf1+ 47. Kc2 Qf5+ 48. Kb3 Qf4 49. Rd3
Qxh2 50. Kxb4 Qf4 51. Kc3 Kg8 52. Be2 h4 53. Rd1 g3 54. Rf1 Qg5 55. Bf3 h3
56. Rh1 Qf5 57. Rf1 h2 0-1